000 00536nam a2200205Ia 4500
999 _c40616
_d40616
003 GCL
005 20240530103545.0
008 140319s9999 xx 000 0 ara d
040 _aGCL /
_cGCL
082 0 4 _a792.028
_bل ف
100 1 _aطه فوزى (مترجم)
245 1 0 _aفن الممثل /
_cطه فوزى (مترجم)
300 _a148 ص
650 0 4 _aالتمثيل
650 0 4 _aالفنون
650 0 4 _aالسينما
700 1 _aل.كيارينى
700 1 _aجلال المنفلوطى
942 _2ddc
_cBK